Obálka Náhled e-knihy:
PDF Epub
Pro půjčování e-knih musíte být přihlášeni.
Jak si půjčit online?

Běžkyně /

Konec 30. let 20. století. Píšou se poslední měsíce svobodné Československé republiky. Studentka francouzštiny Růžena si zatím s politickými událostmi hlavu nedělá. Užívá si mladických radovánek, mezi než patří především atletika a adrenalinové sporty všeho druhu.Nejradši se věnuje nedávno vzniklému...

Celý popis

Uloženo v:
Hlavní autor: Bc. Koláček, Martin (Autor)
Médium: E-kniha
Jazyk:Czech
Vydáno: Praha : E-knihy jedou, 2023
Tagy:
Žádné tagy
LEADER 01955nam a22002297i 4500
001 311973
007 ta
008 260601s2023 xr ||||| |||| 00| 0 cze d
020 |a 9990003793713 
044 |a xr 
100 1 |a Bc. Koláček, Martin  |4 aut 
245 1 0 |a Běžkyně /  |c Bc. Koláček, Martin 
264 1 |a Praha :  |b E-knihy jedou,  |c 2023 
300 |a 1 online zdroj (187 stran) 
336 |a text  |b txt  |2 rdacontent 
337 |a bez média  |b n  |2 rdamedia 
338 |a online zdroj  |b cr  |2 rdacarrier 
520 2 |a Konec 30. let 20. století. Píšou se poslední měsíce svobodné Československé republiky. Studentka francouzštiny Růžena si zatím s politickými událostmi hlavu nedělá. Užívá si mladických radovánek, mezi než patří především atletika a adrenalinové sporty všeho druhu.Nejradši se věnuje nedávno vzniklému sportu, jemuž městská mládež říká - s jistou dávkou nadsázky - „běhání“. Běžci a běžkyně pronikají do hlídaných městských objektů a „probíhají“ je skrz. Vítězí ten, kdo nejrychleji urazí předem domluvenou trasu, aniž by byl spatřen ostrahou. Dny Růženina bezstarostného mládí ale brzy končí. Hitler rozbije Československo, zabere pohraničí a nakonec jeho vojska vkročí do Prahy. V nově vytvořeném Protektorátu se české obyvatelstvo stává poraženým lidem bez budoucnosti.Tehdy se Růžena rozhodne bojovat. Jak brzy zjistí, v protinacistickém odboji jsou její „běžecké“ zkušenosti velmi žádané. 
910 |a RBIT002 
998 |d 379371  |a https://core.palmknihy.cz/api/books/379371/cover?rwlru0  |b https://core.palmknihy.cz/api/books/379371/cover/400?rwlru0  |c https://core.palmknihy.cz/api/books/379371/cover/50?rwlru0  |e   |g 187  |i 9990003793713  |j https://core.palmknihy.cz/api/books/379371/preview.epub  |k https://core.palmknihy.cz/api/books/379371/preview.pdf  |l   |q 49  |r 1  |s https://www.palmknihy.cz/kniha/379371  |t ebook  |y 2023  |z 1 
999 |d 311971